Pengantar sosiologi pedesaan. (Record no. 87730)

MARC details
000 -LEADER
fixed length control field 00696cam a22002531 4500
001 - CONTROL NUMBER
control field sa 68017461
003 - CONTROL NUMBER IDENTIFIER
control field DLC
005 - DATE AND TIME OF LATEST TRANSACTION
control field 20260227112703.0
008 - FIXED-LENGTH DATA ELEMENTS--GENERAL INFORMATION
fixed length control field 841001q19001984io b 000 0 ind
010 ## - LIBRARY OF CONGRESS CONTROL NUMBER
LC control number sa 68017461
025 ## - OVERSEAS ACQUISITION NUMBER
Overseas acquisition number PL480:Indo-6812
035 ## - SYSTEM CONTROL NUMBER
System control number (OCoLC)11217165
040 ## - CATALOGING SOURCE
Original cataloging agency DLC
Transcribing agency WU
Modifying agency DLC
042 ## - AUTHENTICATION CODE
Authentication code premarc
050 00 - LIBRARY OF CONGRESS CALL NUMBER
Classification number HT421
Item number .I5
110 2# - MAIN ENTRY--CORPORATE NAME
Corporate name or jurisdiction name as entry element Institut Pertanian Bogor.
Subordinate unit Bagian Sosiologi Pedesaan dan Penjuluhan.
245 10 - TITLE STATEMENT
Title Pengantar sosiologi pedesaan.
260 ## - PUBLICATION, DISTRIBUTION, ETC.
Place of publication, distribution, etc. Bogor,
Date of publication, distribution, etc. [19--
300 ## - PHYSICAL DESCRIPTION
Extent v.
Dimensions 21 cm.
500 ## - GENERAL NOTE
General note Cover title.
504 ## - BIBLIOGRAPHY, ETC. NOTE
Bibliography, etc. note Bibliography: v. 2, p. 44-49.
505 1# - FORMATTED CONTENTS NOTE
Formatted contents note bagian 2. Konsepsi² sosiologi.
650 #0 - SUBJECT ADDED ENTRY--TOPICAL TERM
Topical term or geographic name entry element Sociology, Rural.

No items available.

Powered by Koha